LEADER 01380nam0 22003013i 450 001 MO10010873 005 20231121125553.0 100 $a20231116d2006 ||||0itac50 ba 101 | $aita 102 $ait 181 1$6z01$ai $bxxxe 182 1$6z01$an 200 1 $aEdizioni della fondazione Centro italiano di studi sull'alto medioevo, Spoleto$ecatalogo generale 1952-2006$f[catalogo a cura di Roberto Arelli] 210 $a[Spoleto$cFondazione Centro italiano di studi sull'alto medioevo$d2006] 215 $a269 p.$d21 cm. 606 $aCataloghi bibliografici$2FIR$3RMLC061365$9I 676 $a025.31$9Biblioreconomia e scienza dell'informazione. Il catalogo$v22 702 1$aArelli$b, Roberto$3IEIV040355 710 02$aFondazione Centro italiano di studi sull'alto Medioevo$3CFIV214691$4070$0326531 791 02$aCentro italiano di studi sull'alto Medioevo$3CFIV001143$yFondazione Centro italiano di studi sull'alto Medioevo 801 3$aIT$bIT-01$c20231116 850 $aIT-FR0017 899 $aBiblioteca umanistica Giorgio Aprea$bFR0017 $eN 912 $aMO10010873 950 0$aBiblioteca umanistica Giorgio Aprea$d 52DGA V 50$e 52SBA0000299285 VMB RS $fA $h20231116$i20231116 977 $a 52 996 $aEdizioni della fondazione Centro italiano di studi sull'alto medioevo, Spoleto$93611133 997 $aUNICAS